| 000 | 05802cam a22018854i 4500 | ||
|---|---|---|---|
| 003 | PE-LiUPU | ||
| 005 | 20250813165810.0 | ||
| 008 | 150706s2006 mx rb 000 0 spa d | ||
| 020 | _a9707292350 | ||
| 020 | _a9789707292352 | ||
| 035 | _a(Sirsi) i9789707292352 | ||
| 040 |
_aPE-LiUPU _bspa _cPE-LiUPU _dPE-LiUPU _erda |
||
| 049 | _aPRUA | ||
| 082 | 0 | 4 |
_a616.89142 _bN51 _221 |
| 100 | 1 |
_aNezu, Arthur M., _eautor. |
|
| 245 | 1 | 0 |
_aFormulación de casos y diseño de tratamientos cognitivo-conductuales : _bun enfoque basado en problemas / _cArthur M. Nezu, Christine Maguth Nezu, Elizabeth Lombardo. |
| 264 | 1 |
_aMéxico : _bEl Manual Moderno, _c2006. |
|
| 300 |
_a308 páginas ; _c23 centímetros |
||
| 336 |
_atext _2rdacontent |
||
| 337 |
_aunmediated _2rdamedia |
||
| 338 |
_avolume _2rdacarrier |
||
| 504 | _aIncluye bibliografía. | ||
| 505 | 0 | _aDe una formulación de caso al diseño del tratamiento: Uso de un modelo de resolución de problemas -- Una sola medida no les queda a todos -- El terapeuta cognitivo-conductual como solucionar de problemas -- Aplicación del modelo de resolución de problemas a la formulación de casos cognitivo-conductual -- Aplicación del modelo de resolución de problemas al diseño del tratamiento cognitivo-conductual -- Modo de empleo de esta guía de tratamiento para pacientes ambulatorios -- Trastornos y problemas específicos -- Depresión -- Fobias específicas -- Trastornos de angustia y agorafobia -- Trastorno de ansiedad generalizada -- Ansiedad social -- Trastornos obsesivo-compulsivos -- Trastorno por estrés postraumático -- Trastorno límite de la personalidad -- Trastorno de la erección -- Angustia de pareja -- Problemas de ira. | |
| 526 | _aP203 | ||
| 526 | _aP200 | ||
| 526 | _aSEG65 | ||
| 526 | _aSEG64 | ||
| 526 | _aSEG63 | ||
| 526 | _aSEG62 | ||
| 526 | _aSEG61 | ||
| 526 | _aSEG60 | ||
| 526 | _aSEG59 | ||
| 526 | _aSEG58 | ||
| 526 | _aSEG57 | ||
| 526 | _aSEG56 | ||
| 526 | _aSEG55 | ||
| 526 | _aSEG54 | ||
| 526 | _aSEG53 | ||
| 526 | _aSEG52 | ||
| 526 | _aSEG51 | ||
| 526 | _aSEG50 | ||
| 526 | _aSEG49 | ||
| 526 | _aSEG48 | ||
| 526 | _aSEG47 | ||
| 526 | _aSEG46 | ||
| 526 | _aSEG24 | ||
| 526 | _aSEG23 | ||
| 526 | _aSEG22 | ||
| 526 | _aSEG21 | ||
| 526 | _aSEG20 | ||
| 526 | _aSEG19 | ||
| 526 | _aSEG18 | ||
| 526 | _aSEG17 | ||
| 526 | _aSEG16 | ||
| 526 | _aSEG14 | ||
| 526 | _aSEG13 | ||
| 526 | _aSEG12 | ||
| 526 | _aSEG11 | ||
| 526 | _aSEG10 | ||
| 526 | _aSEG09 | ||
| 526 | _aSEG06 | ||
| 526 | _aSEG05 | ||
| 526 | _aSEG04 | ||
| 526 | _aSEG03 | ||
| 526 | _aSEG02 | ||
| 526 | _aSEG68 | ||
| 526 | _aSEG66 | ||
| 526 | _aSEG45 | ||
| 526 | _aSEG25 | ||
| 526 | _aSEG01 | ||
| 526 | _aP163 | ||
| 526 | _aP162 | ||
| 526 | _aP161 | ||
| 526 | _aP160 | ||
| 526 | _aP159 | ||
| 526 | _aP158 | ||
| 526 | _aP157 | ||
| 526 | _aP156 | ||
| 526 | _aP155 | ||
| 526 | _aP154 | ||
| 526 | _aP153 | ||
| 526 | _aP152 | ||
| 526 | _aP151 | ||
| 526 | _aP150 | ||
| 526 | _aP149 | ||
| 526 | _aP142 | ||
| 526 | _aP141 | ||
| 526 | _aP140 | ||
| 526 | _aP139 | ||
| 526 | _aP138 | ||
| 526 | _aP137 | ||
| 526 | _aP132 | ||
| 526 | _aP131 | ||
| 526 | _aP130 | ||
| 526 | _aP126 | ||
| 526 | _aP125 | ||
| 526 | _aP124 | ||
| 526 | _aP123 | ||
| 526 | _aP115 | ||
| 526 | _aP122 | ||
| 526 | _aP121 | ||
| 526 | _aP116 | ||
| 526 | _a P114 | ||
| 526 | _aP112 | ||
| 526 | _aP111 | ||
| 526 | _aP104 | ||
| 526 | _aP103 | ||
| 526 | _aP102 | ||
| 526 | _aP101 | ||
| 526 | _aP100 | ||
| 526 | _aP96 | ||
| 526 | _aP95 | ||
| 526 | _aP93 | ||
| 526 | _aP92 | ||
| 526 | _aP91 | ||
| 526 | _aP88 | ||
| 526 | _aP83 | ||
| 526 | _aP82 | ||
| 526 | _aP79 | ||
| 526 | _aP78 | ||
| 526 | _aP75 | ||
| 526 | _aP74 | ||
| 526 | _aP71 | ||
| 526 | _aP69 | ||
| 526 | _a P51 | ||
| 526 | _aP49 | ||
| 526 | _aP48 | ||
| 526 | _aP47 | ||
| 526 | _aP33 | ||
| 526 | _aP31 | ||
| 526 | _a P30 | ||
| 526 | _aP29 | ||
| 526 | _aP27 | ||
| 526 | _aP26 | ||
| 526 | _aP25 | ||
| 526 | _aP24 | ||
| 526 | _a P22 | ||
| 526 | _aP10 | ||
| 526 | _aP09 | ||
| 526 | _a P08 | ||
| 526 | _aP06 | ||
| 526 | _aP05 | ||
| 526 | _aP04 | ||
| 526 | _aP01 | ||
| 541 | _g001-0031617; | ||
| 650 | 0 | 4 | _aTerapia cognitiva Estudio de casos . |
| 650 | 0 | 4 | _aTerapia cognitiva. |
| 650 | 0 | 4 | _aTerapia de la solución de problemas. |
| 910 |
_bjv _cng _d20100610 |
||
| 942 |
_2ddc _cBOOK |
||
| 949 |
_a616.89142 N51 _wDEWEY _c1 _i61842 _d2016-11-13 _e2016-11-6 _lCCODEBUL1 _mBUL _n8 _p38.00 _r0 _sY _tBOOK _u2015-7-6 _xSALUD _PP33 _o.STAFF. Colección Ciencias de la Salud |
||
| 949 |
_a616.89142 N51 _wDEWEY _c2 _i70234 _d2016-5-20 _e2016-5-17 _lCCODEBUL1 _mBUL _n1 _p45.00 _r0 _sY _tBOOK _u2015-7-24 _xSALUD _PP33 _0COMPRA _o.STAFF. Colección Ciencias de la Salud |
||
| 949 |
_a616.89142 N51 _wDEWEY _c3 _i70235 _d2016-8-28 _e2016-8-24 _lCCODEBUL1 _mBUL _n3 _p45.00 _r0 _sY _tBOOK _u2016-7-6 _xEDUCACION _PP33 _0COMPRA _o.STAFF. Colección Ciencias de la Salud |
||
| 994 |
_aC0 _bPEPRU |
||
| 596 | _a1 | ||
| 999 |
_a616.89142 N51 _wDEWEY _c50921 _i61842 _d50921 _e2019-4-7 _f2021-11-4 _g5 _lCCODEBUL1 _mBUL _n14 _p38.00 _q5 _r0 _sY _tBOOK _u2015-7-6 _xSALUD _zP33 _0COMPRA _o.STAFF. Colección Ciencias de la Salud |
||
| 999 |
_a616.89142 N51 _wDEWEY _c2 _i70234 _d2019-5-29 _e2018-8-12 _f2021-11-4 _g5 _lCCODEBUL1 _mBUL _n10 _p45.00 _q3 _r0 _sY _tBOOK _u2015-7-24 _xSALUD _zP33 _0COMPRA _o.STAFF. Colección Ciencias de la Salud |
||
| 999 |
_a616.89142 N51 _wDEWEY _c3 _i70235 _d2019-4-17 _e2018-11-19 _f2021-11-4 _g5 _lCCODEBUL1 _mBUL _n9 _p45.00 _q5 _r0 _sY _tBOOK _u2016-7-6 _xSALUD _zP33 _0COMPRA _o.STAFF. Colección Ciencias de la Salud |
||
| 980 |
_81 _gALBERTO SANCHEZ Responsable de Automatización |
||